Managing the laboratory animal facility
This book is a good informational resource for any new manager to the field of laboratory management. The information is presented in a way that will keep your interest and stimulate you to think how it can benefit you and the facility in which you work
Saved in:
| Main Author: | |
|---|---|
| Format: | Book |
| Language: | Undetermined |
| Published: |
Boca Raton
CRC Press/Taylor & Francis Group
2009
|
| Subjects: | |
| Tags: |
Add Tag
No Tags, Be the first to tag this record!
|
| Institutions: | Trung tâm Học liệu Trường Đại học Cần Thơ |
|---|
| LEADER | 01027nam a2200205Ia 4500 | ||
|---|---|---|---|
| 001 | CTU_153513 | ||
| 008 | 210402s9999 xx 000 0 und d | ||
| 082 | |a 636.0885 | ||
| 082 | |b S587 | ||
| 100 | |a Silverman, Jerald | ||
| 245 | 0 | |a Managing the laboratory animal facility | |
| 245 | 0 | |c Jerald Silverman | |
| 260 | |a Boca Raton | ||
| 260 | |b CRC Press/Taylor & Francis Group | ||
| 260 | |c 2009 | ||
| 520 | |a This book is a good informational resource for any new manager to the field of laboratory management. The information is presented in a way that will keep your interest and stimulate you to think how it can benefit you and the facility in which you work | ||
| 650 | |a Biological laboratories,Laboratories,Laboratory Animal Science,Thí nghiệm sinh học,Phòng thí nghiệm,Thí nghiệm động vật khoa học | ||
| 650 | |x Management,Organization & administration,Quản lý,Tổ chức và quản lý | ||
| 904 | |i Tuyến | ||
| 980 | |a Trung tâm Học liệu Trường Đại học Cần Thơ | ||